000 00274nam a22001097a 4500
999 _c534321
_d534321
040 _cMSOHAIL
082 _a891.4391
100 _aRahbar Danishmand - رہبردانشمند
_928465
245 _aGhazal Intikhab - غزل انتیخاب
300 _av.p
942 _2ddc
_cBK